00660nam a2200193Ia 4500003000900000008004100009040001300050040001300063041000800076041000800084100002300092245007000115250001000185260001200195260000900207300001200216490000600228600023200234IT-RoPAU120407s9999 xx 000 0 und d aIT-RoPAU cIT-RoPAU afra bgre aEusebio di Cesarea aHistoire ecclésiastique. Intr. Bardy Gustave. (Greco-francese). aParis aDu Cerf c1986 c19,5 cm v1 a1° Tome : Livres I-IV 217 p. (Sources C., 31). 2° Tome : Livres V-VII 238 p. (Sources C., 41). 3° Tome : Livres VIII-X 177 p. (Sources C., 55). 4° Tome : Intr. et index 333 p. (Sources C., 73).